000 00765cac a2200265 a 4500
003 Co-PeBPM
005 20250402121356.0
008 231129e1967||||xx |||||||||||||| ||spa||
020 _a9684194137
040 0 _aCo-PeBPM
_bspa
_cCo-PeBPM
_erda
041 _aspa
082 0 4 _a401 S296L
_222
100 1 _aSchaff, Adam
_eAutor
245 1 0 _aLenguaje Y Conocimiento
_c/ Adam Schaff
260 _aMéxico
_b: Editorial Grijalbo
_c,1967
300 _a269 Páginas
_c; 13 Centímetros
500 _aIncluye Índice.
504 _aIncluye Bibliografía.
650 1 4 _2LEMB
_aLingüística
650 1 4 _2LEMB
_aFilosofía
650 1 4 _2LEMB
_aEtnolingüística
650 1 4 _2LEMB
_aFilosofía Simbólica
700 _aBofil, Mireia
_eTraducción
942 _2ddc
_cBK
999 _c19125
_d19125